Statistiken für Musik: Deutsche Rock- und Pop-Hits der 80er

Klicken Sie hier um das Quiz zu spielen!

Allgemein

  • Dieses Quiz wurde 345 mal gespielt
  • Das Durchschnittsergebnis liegt bei 8 aus 25

Antwortstatistiken

LiedJahrInterpret% Korrekt
Irgendwie, irgendwo, irgendwann1984Nena
90%
Westerland1988Die Ärzte
80%
Major Tom (völlig losgelöst)1982Peter Schilling
72%
Schickeria1981Spider Murphy Gang
62%
Was soll das?1988Herbert Grönemeyer
55%
Jenseits von Eden1983Nino de Angelo
53%
Dein ist mein ganzes Herz1985Heinz Rudolf Kunze
45%
Hurra, hurra, die Schule brennt1981Extrabreit
40%
Pure Lust am Leben1984Geier Sturzflug
39%
Ich lieb’ Dich überhaupt nicht mehr1988Udo Lindenberg
34%
Weil ich dich liebe1989Marius Müller-Westernhagen
33%
Herz ist Trumpf (Dann rufst du an …)1983Trio
30%
So lang’ man Träume noch leben kann1987Münchener Freiheit
28%
Monotonie1982Ideal
23%
Ich liebe dich1986Clowns & Helden
21%
Die Sonne und du1983Udo Jürgens
21%
Für immer und dich1986Rio Reiser
17%
Schön sind wir sowieso1982Markus
16%
Jede Stunde1982Karat
15%
Aufrecht geh’n1984Mary Roos
14%
Katharine, Katharine1983Steinwolke
14%
Ein Jahr (Es geht voran)1980Fehlfarben
13%
Kleine Seen1985Purple Schulz
13%
Lang scho nimmer g’sehn 1984Haindling
11%
Als ich fortging1987Karussell
5%

Verteilung der Resultate

Perzentil nach korrekt beantworteten Fragen

Anzahl Personen mit jedem Resultat

Ihre Resultats-Entwicklung

Sie haben dieses Quiz noch nicht gespielt